00528nam a2200181 a 4500008004100000020001500041050001900056100002000075245010200095250001200197260003100209300002200240350000900262650002400271650001200295650002000307700001900327120416s1975 ||||||||||||||||| || u a002309690x aHG 4028.C4 Bie aBierman, Harold14aThe capital budgeting decision: economic analysis and financing of investment projects. (4th ed.) a4th ed. aNew York:bMacmillanc1975 axiv, 463p. : ill. a0.00 aCAPITAL INVESTMENTS aCAPITAL aCAPITAL--BUDGET aSmidt, Seymour